| 000 | 00861nam a22001937a 4500 | ||
|---|---|---|---|
| 999 |
_c7861 _d7861 |
||
| 003 | AR-CdUCM | ||
| 008 | 190321b ||||| |||| 00| 0 spa d | ||
| 040 |
_aMUNICIPALIDAD PROVINCIAL DEL CUSCO _cBIBLIOTECA MUNICIPAL DEL CUSCO |
||
| 082 |
_a709.856 / _bG96 |
||
| 100 |
_aGutiérrez Loayza, Julio G. _95628 |
||
| 245 |
_aSesenta años de arte en el Qosqo (1927-1988) : _bensayos, artículos y comentarios / |
||
| 260 |
_aCusco : _bMunicipalidad del Qosqo, _c1994. |
||
| 300 |
_a325 páginas ; _bilustraciones ; _c20 cm. |
||
| 505 | _aContenido: Tres pintores cusqueños -- Comentarios sobre arte -- Homenaje a José Sabogal -- Notas sobre estética -- Notas sobre arquitectura y defensa del patrimonio artístico ... | ||
| 650 |
_aArte peruano - Cusco _922234 |
||
| 650 |
_aArte cusqueño - Ensayo, crítica _922235 |
||
| 942 |
_2ddc _cLIBROS |
||
| 945 | _alccs | ||